000 00548nam1a22002051i 4500
001 rc\4283305
005 20240724140920.0
035 _a(NLR Aleph) 008247435
090 _a8314441
_c8314441
100 _a20130416d1963 |||y0rusy50 ca
101 0 _arus
102 _aRU
105 _ay z |||||
200 1 _aБиблиотека садовода
_e[1-8]
210 _aКиров
_cКн. изд-во
_d1963
215 _a8 бр. в обертке
_d14
801 0 _aRU
_bNLR
_gpsbo
801 1 _aRU
_bELAR
_2rusmarc
852 _aNLR
_j63-1/826
942 _cBOOK